书目信息 |
| 题名: |
Linux网络安全实践
|
|
| 作者: | 马德瓦查尔 , Alder, , Seagren, 著 ;邱硕 , 孙海滨 , 刘乙璇 译 | |
| 分册: | ||
| 出版信息: | 北京 科学出版社 2009.04 |
|
| 页数: | 297页 | |
| 开本: | 26cm | |
| 丛书名: | 21世纪信息安全大系 | |
| 单 册: | ||
| 中图分类: | TP316.81 | |
| 科图分类: | ||
| 主题词: | UNIX操作系统--UNIX cao zuo xi tong--安全技术 | |
| 电子资源: | ||
| ISBN: | 978-7-03-023636-4 | |
| 000 | 01652nam 2200349 450 | |
| 001 | 012009173280 | |
| 005 | 20091128105409.50 | |
| 010 | @a978-7-03-023636-4@dCNY49.00 | |
| 100 | @a20091128d2009 em y0chiy0120 ea | |
| 101 | 0 | @achi |
| 102 | @aCN@b110000 | |
| 105 | @aa z 000yy | |
| 106 | @ar | |
| 200 | 1 | @aLinux网络安全实践@ALinux wang luo an quan shi jian@d= How to cheat at securing Linux@fMohan krishnamurthy Madwachar ...[等]著@FMohan krishnamurthy Madwachar...[deng]zhu@g邱硕, 孙海滨, 刘乙璇译@Gqiu shuo,sun hai bin,liu yi xuan yi@zeng |
| 210 | @a北京@c科学出版社@d2009.04 | |
| 215 | @a297页@c图@d26cm | |
| 225 | 2 | @a21世纪信息安全大系@A21 shi ji xin xi an quan da xi |
| 304 | @a题名页题 : Mohan krishnamurthy Madwachar, Eric S. Seagren, Raven Alder, Aaron W.Bayles, Josh Burke, Skip Carter, Eli Faskha著 | |
| 314 | @a责任者Madwachar规范汉译姓 : 马德瓦查尔 | |
| 330 | @a本书内容包括:开源软件的商业应用案例、构筑安全的操作系统、列举与扫描网络、入侵检测系统和Snort介绍、Snort与相关插件的安装配置、Snort的高级部署、网络分析、故障诊断排除和数据包嗅探、密码学和加密基础、边界安全、安全区、远程访问与专有网络等。 | |
| 410 | 0 | @12001 @a21世纪信息安全大系 |
| 500 | 10 | @aHow to cheat at securing Linux@mChinese |
| 606 | 0 | @aUNIX操作系统@AUNIX cao zuo xi tong@x安全技术 |
| 690 | @aTP316.81@v4 | |
| 701 | 1 | @a马德瓦查尔@Ama de wa cha er@g(Madwachar, Mohan krishnamurthy)@4著 |
| 701 | 1 | @aAlder,@bRaven@4著 |
| 701 | 1 | @aSeagren,@bEric S.@4著 |
| 702 | 0 | @a邱硕@Aqiu shuo@4译 |
| 702 | 0 | @a孙海滨@Asun hai bin@4译 |
| 702 | 0 | @a刘乙璇@Aliu yi xuan@4译 |
| 801 | 0 | @aCN@bQSSK@c20091128 |
| 905 | @b767033-35@dTP316.81@eM038@f3 | |
| Linux网络安全实践= How to cheat at securing Linux/Mohan krishnamurthy Madwachar ...[等]著/邱硕, 孙海滨, 刘乙璇译.-北京:科学出版社,2009.04 |
| 297页:图;26cm.-(21世纪信息安全大系) |
| ISBN 978-7-03-023636-4:CNY49.00 |
| 本书内容包括:开源软件的商业应用案例、构筑安全的操作系统、列举与扫描网络、入侵检测系统和Snort介绍、Snort与相关插件的安装配置、Snort的高级部署、网络分析、故障诊断排除和数据包嗅探、密码学和加密基础、边界安全、安全区、远程访问与专有网络等。 |
| ● |
| 相关链接 |
|
|
|
正题名:Linux网络安全实践
索取号:TP316.81/M038
 
预约/预借
| 序号 | 登录号 | 条形码 | 馆藏地/架位号 | 状态 | 备注 |
| 1 | 767033 | 207670331 | 自科库301/301自科库 58排1列5层/ [索取号:TP316.81/M038] | 在馆 | |
| 2 | 767034 | 207670340 | 自科库301/301自科库 58排1列5层/ [索取号:TP316.81/M038] | 在馆 | |
| 3 | 767035 | 207670359 | 自科二线404/404自科库 12排6列5层/ [索取号:TP316.81/M038] | 在馆 |